| 000 | 00354 a2200157 4500 | ||
|---|---|---|---|
| 001 | 74387 | ||
| 020 | _a9788501022981 | ||
| 040 | _cAnchieta - Colégio São Paulo | ||
| 100 | _aGoscinny, R. | ||
| 240 | 1 | 0 |
_aO domínio dos deuses _lpor |
| 245 | 1 | 0 | _aO domínio dos deuses |
| 300 | _a47 | ||
| 362 | 0 | _a2007 | |
| 650 | 4 | _aLiteratura juvenil | |
| 942 | _cBK | ||
| 999 |
_c74387 _d74387 |
||